000 00628nam a22001817a 4500
005 20251108165448.0
008 250721s1983 xx 000 0 ara d
082 1 4 _aم/956.203/حسن
100 1 _aصبرا، حسن
245 1 0 _aبيروت :
_bالإحتلال عاصمة عربية /
264 1 _aبيروت :
_bشركة تكنو برس الحديثة،
_c1983.
300 _a374ص : مص
490 0 _aكتاب الشراع المصور ، وثائق و يوميات الحرب
650 1 7 _aلبنان
650 1 7 _aالحرب الفلسطينية الإسرائيلية 1984
942 _2ddc
_cREF
999 _c28515
_d28515